BIBLIOTECA PODER JUDICIAL
Portal Judicial TDF

La reforma al régimen de la vista efectuada en el régimen nacional de procedimiento administrativo / (Registro nro. 6207)

000 -LEADER
fixed length control field 01077nabaa22002417a 4500
003 - CONTROL NUMBER IDENTIFIER
control field OSt
005 - DATE AND TIME OF LATEST TRANSACTION
control field 20260125212210.0
008 - FIXED-LENGTH DATA ELEMENTS--GENERAL INFORMATION
fixed length control field 190701b xxu||||| |||| 00| 0 spa d
040 ## - CATALOGING SOURCE
Transcribing agency PJ
100 ## - MAIN ENTRY--PERSONAL NAME
9 (RLIN) 34
Personal name Perrino, Pablo Esteban
245 13 - TITLE STATEMENT
Title La reforma al régimen de la vista efectuada en el régimen nacional de procedimiento administrativo /
Statement of responsibility, etc Pablo E. Perrino.
300 ## - PHYSICAL DESCRIPTION
Extent p. 181-188
500 ## - GENERAL NOTE
General note Cita: TR LALEY AR/DOC/2737/2024
505 ## - FORMATTED CONTENTS NOTE
Formatted contents note Sumario: I. Tutela administrativa efectiva y vista de las actuaciones administrativas.— II. Pedido de vista y suspensión de plazos.
505 ## - FORMATTED CONTENTS NOTE
Title ¿Te interesa el texto completo? Comunicate al correo: koha@justierradelfuego.gov.ar
650 #0 - SUBJECT ADDED ENTRY--TOPICAL TERM
9 (RLIN) 211
Topical term or geographic name as entry element DERECHO ADMINISTRATIVO
650 #0 - SUBJECT ADDED ENTRY--TOPICAL TERM
9 (RLIN) 1135
Topical term or geographic name as entry element PROCEDIMIENTO ADMINISTRATIVO
650 #0 - SUBJECT ADDED ENTRY--TOPICAL TERM
9 (RLIN) 1171
Topical term or geographic name as entry element ACTO ADMINISTRATIVO
650 #0 - SUBJECT ADDED ENTRY--TOPICAL TERM
9 (RLIN) 3177
Topical term or geographic name as entry element REFORMA DEL ESTADO
650 #0 - SUBJECT ADDED ENTRY--TOPICAL TERM
9 (RLIN) 802
Topical term or geographic name as entry element DESCENTRALIZACION ADMINISTRATIVA
773 0# - HOST ITEM ENTRY
Host Biblionumber 2842
Host Itemnumber 3251
Place, publisher, and date of publication Buenos Aires : AbeledoPerrot, 2012-
Other item identifier DA121
Title Derecho administrativo. Nº 156 noviembre/diciembre 2024
International Standard Book Number 18510590
942 ## - ADDED ENTRY ELEMENTS (KOHA)
Source of classification or shelving scheme
Koha item type Analítica Artículo de Revista

No hay ítems disponibles.

12 de Octubre 789 Ushuaia - Tel:  54(02901)441571
Horario de Atención: 8.00 a 17.00 hs. 
bibliotecaush@justierradelfuego.gov.ar
koha@justierradelfuego.gov.ar
Seguinos en nuestras redes @bibliojustdf 

Con tecnología Koha